Journal of Academy for Advancement of Business Research

Salvato in:
Dettagli Bibliografici
Natura: Periodico
Lingua:inglese
Pubblicazione: Orlando IAABR - International Association of Applied Business Research
Tags: Aggiungi Tag
Nessun Tag, puoi essere il primo ad aggiungerne!!

MARC

LEADER 00000nas1a2200000 4500
001 0292121
005 20250530091946.0
022 |a 2332-032X 
022 |a 2332-0311 
041 0 |a eng 
044 |a US 
245 1 0 |a Journal of Academy for Advancement of Business Research 
264 1 |a Orlando  |b IAABR - International Association of Applied Business Research